Online
Catalog

El exorcismo de diablos y ángeles : (Record no. 11756)

MARC details
000 -CABECERA
campo de control de longitud fija 01191cam a2200277 a 4500
001 - NÚMERO DE CONTROL
campo de control 000012090
005 - FECHA Y HORA DE LA ÚLTIMA TRANSACCIÓN
campo de control 20200929162706.0
008 - DATOS DE LONGITUD FIJA--INFORMACIÓN GENERAL
campo de control de longitud fija 030114s2001 mx b 001 0 spa
020 ## - NÚMERO INTERNACIONAL ESTÁNDAR DEL LIBRO
Número Internacional Estándar del Libro 9685073244
035 ## - NÚMERO DE CONTROL DEL SISTEMA
Número de control de sistema (NcChMN)MN212AG100
040 ## - FUENTE DE LA CATALOGACIÓN
Centro catalogador/agencia de origen DO-SdBNP
Centro/agencia transcriptor DLC
042 ## - CÓDIGO DE AUTENTICACIÓN
Código de autenticación pcc
043 ## - CÓDIGO DE ÁREA GEOGRÁFICA
Código de área geográfica n-mx---
082 ## - NÚMERO DE LA CLASIFICACIÓN DECIMAL DEWEY
Número de clasificación 378.199
Número de documento/Ítem V982e
049 ## - FONDOS LOCALES (OCLC)
Fondos de biblioteca BNGR
100 1# - ENTRADA PRINCIPAL--NOMBRE DE PERSONA
Nombre de persona De Vries, Wietse.
9 (RLIN) 28558
245 13 - MENCIÓN DE TÍTULO
Título El exorcismo de diablos y ángeles :
Resto del título los efectos de políticas públicas sobre el trabajo académico /
Mención de responsabilidad, etc. tesis que presenta Wietse de Vries para obtener el grado de doctor en educación.
260 ## - PUBLICACIÓN, DISTRIBUCIÓN, ETC.
Lugar de publicación, distribución, etc. Aguascalientes, Ags. :
Nombre del editor, distribuidor, etc. Universidad Autónoma de Aguascalientes ;
Lugar de publicación, distribución, etc. Puebla, Puebla :
Nombre del editor, distribuidor, etc. Benemerita Universidad Autónoma de Puebla,
Fecha de publicación, distribución, etc. 2001.
300 ## - DESCRIPCIÓN FÍSICA
Extensión 298 p. ;
Dimensiones 21 cm.
500 ## - NOTA GENERAL
Nota general A la cabeza del título: Universidad Autónoma de Aguascalientes, Centro de Ciencias Sociales y Humanidades.
500 ## - NOTA GENERAL
Nota general Educación "Doctorado Interinstitucional en."
504 ## - NOTA DE BIBLIOGRAFÍA, ETC.
Nota de bibliografía, etc. Incluye referencias bibliográficas (p. 273-289).
650 #4 - PUNTO DE ACCESO ADICIONAL DE MATERIA--TÉRMINO DE MATERIA
Término de materia o nombre geográfico como elemento de entrada Educación superior
Subdivisión geográfica México
Subdivisión de forma CASO DE ESTUDIOS.
9 (RLIN) 28559
650 #4 - PUNTO DE ACCESO ADICIONAL DE MATERIA--TÉRMINO DE MATERIA
Término de materia o nombre geográfico como elemento de entrada Universidades
Subdivisión geográfica México
9 (RLIN) 28560
910 ## - DATOS DE OPCIÓN DEL USUARIO (OCLC)
Datos de opción del usuario Catalogación por copia / LC
Holdings
Estado de retiro Estado de pérdida Restricciones de uso No para préstamo Código de colección Localización permanente Ubicación/localización actual Ubicación en estantería Fecha de adquisición Número de inventario Total de préstamos Signatura topográfica completa Código de barras Fecha visto por última vez Precio válido a partir de Tipo de ítem Koha
    Préstamo interno   Monografías: Libros y Folletos General General En catalogación 04.11.2009 LF1   378.199 V982e 12090-10 25.06.2020 25.06.2020 Préstamo interno

Powered by Koha